000 00920nas a2200253 i 4500
003 DO-SdBNP
005 20251217112353.0
007 ta
008 251003e2013 dr qn|p|r||||||0| | spa d
040 _aDO-SdBNP
_bspa
_cBNPHU
_erda
041 _aspa
110 _aUniversida Autónoma de Santo Domingo
_946445
245 _aEl universitario.
264 _aSanto Domingo, República Dominicana :
_bUniversidad Autónoma de Santo Domingo UASD,
_c2013.
300 _avolumen :
_bilustraciones, fotografías ;
_c36 cm.
310 _aTrimestral.
336 _atexto
_btxt
_2rdacontent
337 _asin mediación
_bn
_2rdamedia
338 _avolumen
_bnc
_2rdacarrier
362 _aVol. 2, No. 3 (Abril-Junio Año 2013).
650 0 _aEducación superior
_vPublicaciones periódicas
_zRepública Dominicana
_963982
650 0 _aUniversidades
_985564
_vPublicaciones periódicas
_xRepública Dominicana
942 _2ddc
_cISSUE
999 _c59917
_d59917